Local Government in Pakistan (Record no. 300363)
[ view plain ]
| 000 -LEADER | |
|---|---|
| fixed length control field | 00324 a2200121 4500 |
| 001 - CONTROL NUMBER | |
| control field | 65290 |
| 003 - CONTROL NUMBER IDENTIFIER | |
| control field | NUST |
| 005 - DATE AND TIME OF LATEST TRANSACTION | |
| control field | 20180119120856.0 |
| 008 - FIXED-LENGTH DATA ELEMENTS--GENERAL INFORMATION | |
| fixed length control field | 180119b xxu||||| |||| 00| 0 eng d |
| 082 ## - DEWEY DECIMAL CLASSIFICATION NUMBER | |
| Classification number | 320.85491 WAJ |
| 100 ## - MAIN ENTRY--PERSONAL NAME | |
| Personal name | Prof.Dr. Muhammad Abuzar Wajidi |
| 9 (RLIN) | 9069 |
| 245 ## - TITLE STATEMENT | |
| Title | Local Government in Pakistan |
| 260 ## - PUBLICATION, DISTRIBUTION, ETC. | |
| Place of publication, distribution, etc. | Pakistan |
| Name of publisher, distributor, etc. | Royal Book Company Karachi |
| Date of publication, distribution, etc. | 2000 |
| 300 ## - PHYSICAL DESCRIPTION | |
| Extent | 312p. |
| 942 ## - ADDED ENTRY ELEMENTS (KOHA) | |
| Institution code [OBSOLETE] | NUST CAE |
| Koha item type | Book |
| Call number prefix | 320.85491 WAJ |
| Source of classification or shelving scheme | |
| Withdrawn status | Lost status | Damaged status | Not for loan | Collection code | Permanent Location | Current Location | Date acquired | Total Checkouts | Full call number | Barcode | Date last seen | Price effective from | Koha item type |
|---|---|---|---|---|---|---|---|---|---|---|---|---|---|
| College of Aeronautical Engineering (CAE) | College of Aeronautical Engineering (CAE) | 04/03/2017 | 320.85491 WAJ | CAE82098 | 04/05/2017 | 04/05/2017 | Book |
